Statistiques concernant Les plus grandes villes sur l'Isère

Cliquez ici pour prendre le quiz!

Statistiques générales

  • Ce quiz a été pris 340 fois
  • Le résultat moyen est 6 sur 21

Statistiques - réponses

Population (2017)Ville sur l'Isère% Correct
160,800Grenoble
100%
10,200Bourg-de-Péage
60%
38,100Saint-Martin-d'Hères
49%
33,400Romans-sur-Isère
39%
17,300Meylan
36%
9,500Voreppe
34%
15,600Saint-Egrève
33%
8,400Crolles
29%
11,700Sassenage
28%
6,700La Tronche
25%
7,300Pontcharra
24%
19,000Albertville
22%
8,000Moirans
22%
6,200Gières
19%
6,700Domène
17%
7,600Tullins
17%
5,000Montbonnot-Saint-Martin
14%
5,500Saint-Martin-le-Vinoux
14%
7,200Bourg-Saint-Maurice
13%
7,200Villard-Bonnot
11%
6,800Saint-Ismier
10%

Distribution des résultats

Percentile par nombre de réponses

% des personnes avec chaque résultat

Votre développement - résultats

Vous n’avez pas pris ce quiz